Normal view
MARC view
- PERSIAN GULF WAR, 1991-AERIAL OPERATIONS, AMERICA AIRPOWER-UNITED STATES AIRPOWER
Entry Topical Term
001 - CONTROL NUMBER
- control field: 66988
003 - CONTROL NUMBER IDENTIFIER
- control field: NUST
005 - DATE AND TIME OF LATEST TRANSACTION
- control field: 20210628203720.0
008 - FIXED-LENGTH DATA ELEMENTS
- fixed length control field: 210628|| aca||aabn | a|a d
040 ## - CATALOGING SOURCE
- Original cataloging agency: NUST
- Transcribing agency: NUST
150 ## - HEADING--TOPICAL TERM
- Topical term or geographic name entry element: PERSIAN GULF WAR, 1991-AERIAL OPERATIONS, AMERICA AIRPOWER-UNITED STATES AIRPOWER
670 ## - SOURCE DATA FOUND
- Source citation: Work cat.: (NUST): Elahertz, T.H 66987, Air strike , the new face of war, 1991
